LIBRARY & INFORMATION CENTRE, KCAET, TAVANUR

ONLINE PUBLIC ACCESS CATALOGUE (OPAC)

Sources of Indian Tradition / (Record no. 814)

MARC details
000 -LEADER
fixed length control field 00473cam a2200181ua 4500
041 ## - LANGUAGE CODE
Language code of text/sound track or separate title eng
082 ## - DEWEY DECIMAL CLASSIFICATION NUMBER
Classification number 954
Item number BAR/SO
100 ## - MAIN ENTRY--AUTHOR NAME
Personal name Bary, Theorde de .
245 00 - TITLE STATEMENT
Title Sources of Indian Tradition /
260 ## - PUBLICATION, DISTRIBUTION, ETC. (IMPRINT)
Place of publication Newyork :
Name of publisher Columbia University press ,
Year of publication 1960.
300 ## - PHYSICAL DESCRIPTION
Number of Pages 961 ; .
700 1# - ADDED ENTRY--PERSONAL NAME
Personal name Hay, Stephin.N .
700 1# - ADDED ENTRY--PERSONAL NAME
Personal name Weiler, Royal .
700 1# - ADDED ENTRY--PERSONAL NAME
Personal name Yarrow, Andrew .
942 ## - ADDED ENTRY ELEMENTS (KOHA)
Koha item type Books
Holdings
Withdrawn status Lost status Damaged status Home library Current library Date acquired Cost, normal purchase price Full call number Accession Number Koha item type Public note
Withdrawn     KAUAET Malayalam University 07/04/2012 55.00 954 6596 Books Transferred to Malayalam University
free website counter